000 00737nam a2200241Ia 4500
003 OSt
005 20220923213001.0
006 a|||||r|||| 00| 0
007 ta
008 220922b |||||||| |||| 00| 0 hin d
024 _a157,852
037 _cTextual
040 _aARTS
_cARTS
_bhin
041 _2hin
_ahin
082 _aO152,1xN5, J3
100 _aपन्त, सुमित्रानन्दन, संपा.
245 0 _aकवि भारती
246 _aKavi bhāratī
260 _c1953
650 _aहिन्दी साहित्य
_9156264
942 _hO152,1xN5, J3
_cTEXL
_2CC
999 _c312875
_d312875